000 00808cam a2200277 4500
008 090401t1991 xxu||||| |||| 00| 0 eng d
020 _a187405908X
035 _a(Sirsi) u67317
041 _aeng
050 _a526.0285
_c18
100 _aCassettari, Seppe
245 _aCartography and geographical information systems
_ba summary report
260 _aLondon
_bAGI
_c1991
300 _a10p.
_c30cm.
490 _aAGI Education, Training and Research Committee Publication
650 _aCARTOGRAPHY
650 _aDIGITAL MAPPING
650 _aGIS
690 _aMAPPING AND MEASUREMENT
700 _aFagg, Andy
700 _aVisvalingham, Mahes
710 _aBritish Cartographic Society
_92530
710 _aAssociation for Geographic Information
_9166
942 _n0
948 _c04/03/1997
999 _c94991
_d94991